HISTORY OF INDIAN EDUCATION (Record no. 7217)
[ view plain ]
| 000 -LEADER | |
|---|---|
| fixed length control field | 00395cam a2200169ua 4500 |
| 008 - FIXED-LENGTH DATA ELEMENTS--GENERAL INFORMATION | |
| fixed length control field | 060101n1995 II |||gr||||Z||||||eng |
| 040 ## - CATALOGING SOURCE | |
| Original cataloging agency | MAIN |
| 041 ## - LANGUAGE CODE | |
| -- | English |
| 082 ## - DEWEY DECIMAL CLASSIFICATION NUMBER | |
| Classification number | 370.54 CHA |
| 100 ## - MAIN ENTRY--PERSONAL NAME | |
| Personal name | CHAUBE, S. P. |
| 245 ## - TITLE STATEMENT | |
| Title | HISTORY OF INDIAN EDUCATION |
| 260 ## - PUBLICATION, DISTRIBUTION, ETC. | |
| Place of publication, distribution, etc. | AGRA |
| Name of publisher, distributor, etc. | VINOD PUSTAK MANDIR |
| Date of publication, distribution, etc. | 1995 |
| 300 ## - PHYSICAL DESCRIPTION | |
| Extent | 280: |
| Dimensions | 22CM. |
| 942 ## - ADDED ENTRY ELEMENTS (KOHA) | |
| Koha item type | Books |
| 653 ## - INDEX TERM--UNCONTROLLED | |
| Uncontrolled term | Indian Education |
| Withdrawn status | Lost status | Damaged status | Not for loan | Collection code | Home library | Current library | Shelving location | Date acquired | Full call number | Barcode | Date last seen | Copy number | Price effective from | Koha item type | Public note |
|---|---|---|---|---|---|---|---|---|---|---|---|---|---|---|---|
| Withdrawn | REFEDU | Central Library and Information Centre Sibsagar Girls College | Central Library and Information Centre Sibsagar Girls College | Staff Office | 05.02.1997 | 370.54 CHA | 14757 | 27.02.2020 | 1 | 27.02.2020 | Books | ||||
| TBEDU | Central Library and Information Centre Sibsagar Girls College | Central Library and Information Centre Sibsagar Girls College | Education Reck | 05.02.1997 | 370.54 CHA | 14758 | 27.02.2020 | 2 | 27.02.2020 | Books | |||||
| Withdrawn | REFEDU | Central Library and Information Centre Sibsagar Girls College | Central Library and Information Centre Sibsagar Girls College | Withdraw items | 05.02.1997 | 370.54 CHA | 14759 | 27.02.2020 | 3 | 27.02.2020 | Books | V |